000 00780 a2200217 4500
010 _aENG-85135
020 _a81313019907
_c495.00
035 _aEN-68668
037 _bD.B.Act / Pub
082 1 4 _a631.4
090 _c1456
_d1456
100 1 _aYadav, Surendra Kumar
245 1 _aSoil ecology
_cby Surendra Kumar Yadav
_bremote sensing and geographic information system in management
260 _aNew Delhi
_bAPH Publishing Corporatioon
_c2007
270 _a5, Ansari Road, Darya Ganj
_bNew Delhi
_e110 002
_maphbooks@vsnl.net
_k011 23274050
300 _aviii, 194p.
_b22cm. (Hb)
500 _aincludes bibliographical refrence
710 _a.
942 _adpl
_cEN
_k631.4 / YAD
999 _c1440
_d1440